[Event "22nd ch-EUR Indiv 2022"]
[Site "Terme Catez SLO"]
[Date "2022.04.02"]
[Round "7.116"]
[White "Rozman, Monika"]
[Black "Kanyamarala, Tarun"]
[Result "0-1"]
[WhiteTitle "WFM"]
[BlackTitle "FM"]
[WhiteElo "2094"]
[BlackElo "2325"]
[WhiteFideId "14609118"]
[BlackFideId "45004714"]
[EventDate "2022.03.27"]

1. e4 c5 2. Nf3 Nc6 3. d4 cxd4 4. Nxd4 Nf6 5. Nc3 d6 6. Bg5 e6 7. Qd2 a6 8.
O-O-O Be7 9. f4 Bd7 10. Nxc6 Bxc6 11. Bd3 h6 12. Bxf6 Bxf6 13. Rhe1 O-O 14. Kb1
Qc7 15. e5 dxe5 16. f5 exf5 17. Bxf5 Rad8 18. Qe3 Rxd1+ 19. Rxd1 Rd8 20. Bd3 Bg5
21. Qg3 Qe7 22. Rf1 Rd4 23. Ne2 Rd7 24. Qg4 e4 25. Bc4 Bd5 26. Bxd5 Rxd5 27. Nc3
Re5 28. Qc8+ Kh7 29. Rf5 e3 30. Rxe5 Qxe5 31. Qg4 Qf4 32. Qxf4 Bxf4 33. g3 Be5
34. Ne2 Kg6 35. c4 Kf5 36. b4 Ke4 37. Kc2 f5 38. c5 g5 39. Kd1 f4 40. a4 f3 41.
b5 f2 42. Nc3+ Kd3 0-1

[Event "22nd ch-EUR Indiv 2022"]
[Site "Terme Catez SLO"]
[Date "2022.04.02"]
[Round "7.117"]
[White "Sorm, Daniel"]
[Black "Pozun, Matej"]
[Result "1-0"]
[WhiteTitle "FM"]
[WhiteElo "2323"]
[BlackElo "2168"]
[WhiteFideId "5400139"]
[BlackFideId "14618788"]
[EventDate "2022.03.27"]

1. e4 c5 2. Nf3 Nc6 3. Bb5 g6 4. O-O Bg7 5. c3 e5 6. d4 cxd4 7. cxd4 exd4 8. e5
Nge7 9. Bf4 O-O 10. Nbd2 a6 11. Bd3 d6 12. exd6 Nd5 13. Bg3 Be6 14. Re1 Rc8 15.
a3 Na5 16. h4 Bg4 17. Qe2 Re8 18. Qf1 b5 19. Rxe8+ Qxe8 20. Re1 Qd8 21. Ne5 Be6
22. h5 Bxe5 23. Bxe5 Nc6 24. hxg6 hxg6 25. Bg3 Kg7 26. Ne4 Bf5 27. Qe2 Nf6 28.
Nc5 Bxd3 29. Qxd3 Qb6 30. b4 a5 31. Bh4 Qa7 32. Re7 Nxe7 33. Bxf6+ Kxf6 34.
Qxd4+ Kf5 35. g4+ 1-0

[Event "22nd ch-EUR Indiv 2022"]
[Site "Terme Catez SLO"]
[Date "2022.04.02"]
[Round "7.118"]
[White "Loukopoulos, Panagiotis-Athanasi"]
[Black "Stevanic, David"]
[Result "1/2-1/2"]
[BlackTitle "FM"]
[WhiteElo "2020"]
[BlackElo "2306"]
[WhiteFideId "4293835"]
[BlackFideId "14613921"]
[EventDate "2022.03.27"]

1. e4 e5 2. Nf3 Nc6 3. Bc4 Nf6 4. d3 Be7 5. O-O O-O 6. Re1 d6 7. a4 Kh8 8. h3
Ng8 9. Nc3 f5 10. Nd5 f4 11. b4 Nf6 12. Nxe7 Qxe7 13. b5 Nd8 14. d4 Nd7 15. Bb2
Nf7 16. Bxf7 Qxf7 17. dxe5 Nxe5 18. Bxe5 dxe5 19. Nxe5 Qe7 20. Qh5 Kg8 21. Nf3
a6 22. Qd5+ Kh8 23. e5 Be6 24. Qxb7 Rab8 25. Qe4 axb5 26. axb5 Rxb5 27. Nd4 Bd5
28. Qd3 Rbb8 29. c4 Bb7 30. Nf3 h6 31. e6 Rbd8 32. Ne5 Rxd3 33. Ng6+ Kh7 34.
Nxe7 Re8 35. Nf5 Bc8 36. Ra7 Rxe6 37. Rxe6 Bxe6 38. Ne7 c5 39. Rc7 Rd1+ 40. Kh2
Rd7 41. Rxd7 Bxd7 42. Nd5 Be6 43. Nb6 Kg6 44. Na4 Kf5 45. Nxc5 Bxc4 46. f3 Ke5
47. Ne4 Bd5 48. Nf2 Bc4 1/2-1/2

[Event "22nd ch-EUR Indiv 2022"]
[Site "Terme Catez SLO"]
[Date "2022.04.02"]
[Round "7.119"]
[White "Deuer, Marius"]
[Black "Lavrencic, Matic"]
[Result "1/2-1/2"]
[WhiteTitle "FM"]
[WhiteElo "2304"]
[BlackElo "2159"]
[WhiteFideId "16236432"]
[BlackFideId "14637847"]
[EventDate "2022.03.27"]

1. d4 Nf6 2. c4 e6 3. Nf3 d5 4. Nc3 c5 5. cxd5 Nxd5 6. e4 Nxc3 7. bxc3 cxd4 8.
cxd4 Bb4+ 9. Bd2 Bxd2+ 10. Qxd2 O-O 11. Bc4 Nd7 12. O-O b6 13. Rfe1 Bb7 14. Rad1
Rc8 15. Bd3 h6 16. Qe3 Rc3 17. e5 Qc7 18. Nd2 Rd8 19. Ne4 Bxe4 20. Qxe4 Nf8 21.
h4 Kh8 22. Kh2 Qd7 23. Qf4 Ra3 24. Re3 Ra4 25. Bb1 Rxd4 26. Rxd4 Qxd4 27. Qxf7
Qxh4+ 28. Rh3 Qb4 29. Bd3 Rd7 30. Qe8 Qf4+ 31. Kg1 Rf7 32. Rf3 Qc1+ 33. Kh2 Rxf3
34. gxf3 Qf4+ 35. Kg2 Kg8 36. Qb8 a5 37. Qxb6 Qxe5 38. Be4 Qc3 39. a4 Qe5 40.
Qa7 Qg5+ 41. Kh3 Qd2 42. Qb6 Qe1 1/2-1/2

[Event "22nd ch-EUR Indiv 2022"]
[Site "Terme Catez SLO"]
[Date "2022.04.02"]
[Round "7.120"]
[White "Debevec, Blaz"]
[Black "Hasanzade, Toghrul"]
[Result "0-1"]
[WhiteTitle "CM"]
[BlackTitle "IM"]
[WhiteElo "2084"]
[BlackElo "2297"]
[WhiteFideId "14605813"]
[BlackFideId "13407716"]
[EventDate "2022.03.27"]

1. e4 c5 2. Nf3 Nf6 3. Nc3 d5 4. Bb5+ Bd7 5. e5 Bxb5 6. Nxb5 Qd7 7. Na3 Ng8 8.
O-O e6 9. d4 cxd4 10. Nxd4 Bxa3 11. bxa3 Ne7 12. Be3 Nbc6 13. f4 O-O 14. Qd3
Nxd4 15. Bxd4 Rfc8 16. Rab1 b6 17. Rf3 Qa4 18. c3 Qxa3 19. Rbf1 Nf5 20. Bf2 h5
21. Rh3 g6 22. Qf3 Rc4 23. g4 hxg4 24. Qxg4 Rxc3 25. Rh5 Rac8 26. Rxf5 exf5 27.
Qg5 Rc1 28. e6 Rxf1+ 29. Kxf1 Qd3+ 0-1

[Event "22nd ch-EUR Indiv 2022"]
[Site "Terme Catez SLO"]
[Date "2022.04.02"]
[Round "7.121"]
[White "Chennaoui, Yasin"]
[Black "Royal, Shreyas"]
[Result "0-1"]
[BlackTitle "FM"]
[WhiteElo "2015"]
[BlackElo "2296"]
[WhiteFideId "1330667"]
[BlackFideId "448869"]
[EventDate "2022.03.27"]

1. Nf3 Nf6 2. c4 e6 3. e3 d5 4. d4 Be7 5. b3 O-O 6. Bd3 c5 7. O-O cxd4 8. exd4
b6 9. Bb2 Bb7 10. Qe2 Nc6 11. Nbd2 Rc8 12. Rac1 Re8 13. Rfd1 Bf8 14. Nf1 g6 15.
Ne3 Bg7 16. Bb1 Na5 17. c5 Nd7 18. b4 Nc4 19. Nxc4 dxc4 20. Ne5 b5 21. a4 a6 22.
Be4 Bxe4 23. Qxe4 Qc7 24. axb5 axb5 25. Nxd7 Qxd7 26. Ra1 Red8 27. Ra5 Qd5 28.
Qxd5 Rxd5 29. f4 Rb8 30. Kf2 g5 31. fxg5 e5 32. c6 exd4 33. Rda1 Be5 34. Ra8 c3
35. Rxb8+ Bxb8 36. Ra8 Rd8 37. Bc1 Bg3+ 38. hxg3 Rxa8 39. Ke2 Rc8 40. Kd3 Rxc6
41. Kxd4 Rc4+ 42. Kd3 Rxb4 43. Kxc3 Rc4+ 44. Kd2 Rxc1 45. Kxc1 Kg7 46. Kc2 Kg6
47. Kc3 Kxg5 48. Kb4 Kg4 49. Kxb5 Kxg3 50. Kc6 Kxg2 51. Kd6 h5 52. Ke7 h4 53.
Kxf7 h3 54. Ke6 h2 55. Ke5 h1=Q 56. Kd5 Qh4 57. Ke5 Qg4 58. Kd5 Qf4 59. Kc5 Qe4
60. Kd6 Qf5 61. Kc6 Qe5 62. Kd7 Qf6 63. Kc7 Qe6 64. Kb7 Qd6 65. Ka7 Qc6 66. Kb8
Qd7 67. Ka8 Kf3 68. Kb8 Ke4 69. Ka8 Kd5 70. Kb8 Kc6 71. Ka8 Qb7# 0-1

[Event "22nd ch-EUR Indiv 2022"]
[Site "Terme Catez SLO"]
[Date "2022.04.02"]
[Round "7.122"]
[White "Valiyev, Shahin"]
[Black "Zirkelbach, Maj"]
[Result "1-0"]
[BlackTitle "FM"]
[WhiteElo "1961"]
[BlackElo "2295"]
[WhiteFideId "13424203"]
[BlackFideId "14613395"]
[EventDate "2022.03.27"]

1. e4 e5 2. Nf3 Nc6 3. Bb5 a6 4. Ba4 b5 5. Bb3 g6 6. c3 Bg7 7. d4 exd4 8. cxd4
Na5 9. Bc2 Ne7 10. O-O d5 11. Bg5 O-O 12. Nc3 f6 13. Bf4 Bb7 14. e5 c5 15. exf6
Bxf6 16. Bh6 Re8 17. Ne2 Nac6 18. h4 Bc8 19. dxc5 Bg4 20. Qd2 Bxf3 21. gxf3 Qd7
22. Qf4 Bxb2 23. Rad1 Be5 24. Qg4 Rad8 25. Nf4 Nd4 26. Rxd4 Qxg4+ 27. fxg4 Bxd4
28. Ne6 Nc6 29. Nxd8 Rxd8 30. Bb3 Ne5 31. Rd1 Bxf2+ 32. Kg2 Nxg4 33. Bg5 Rf8 34.
Rxd5 Kh8 35. c6 Bxh4 36. Bxh4 Ne3+ 37. Kh3 Nxd5 38. Bxd5 Kg7 39. c7 Rc8 40. Bd8
a5 41. Bb7 1-0

[Event "22nd ch-EUR Indiv 2022"]
[Site "Terme Catez SLO"]
[Date "2022.04.02"]
[Round "7.123"]
[White "Fishchuk, Vladyslav"]
[Black "Dalaud, Dorian"]
[Result "1/2-1/2"]
[BlackTitle "FM"]
[WhiteElo "1760"]
[BlackElo "2293"]
[WhiteFideId "34122117"]
[BlackFideId "36093270"]
[EventDate "2022.03.27"]

1. Nf3 Nf6 2. c4 g6 3. g3 Bg7 4. Bg2 O-O 5. O-O d6 6. d4 c6 7. Nc3 Qa5 8. e4 Be6
9. d5 Bg4 10. h3 Bxf3 11. Qxf3 Nfd7 12. Bd2 Qc7 13. Qe2 a5 14. b3 Na6 15. Rab1
Rfc8 16. Rfc1 Qd8 17. a3 Nac5 18. b4 axb4 19. axb4 Na4 20. dxc6 Nxc3 21. Bxc3
bxc6 22. Bxg7 Kxg7 23. c5 dxc5 24. e5 cxb4 25. e6 Nf6 26. Rxb4 Qd6 27. Rb7 fxe6
28. Rd1 Nd5 29. Qb2+ Kf7 30. Qc1 Rcb8 31. Rxb8 Rxb8 32. h4 Kg7 33. h5 Rf8 34.
Rd2 Qe5 35. hxg6 hxg6 36. Rc2 Ra8 37. Rb2 Nc3 38. Bf3 Rf8 39. Bg4 Rf6 40. Rc2
Nd5 41. Re2 Qd4 42. Bh3 c5 43. Qe1 c4 44. Re4 Qc3 45. Qxc3 Nxc3 46. Rxc4 Nb5 47.
Re4 Nd6 48. Rxe6 Rxe6 49. Bxe6 Kf6 50. Bd5 g5 51. Kf1 Ke5 52. Bc6 Nf5 53. Bb7 1/2-1/2

[Event "22nd ch-EUR Indiv 2022"]
[Site "Terme Catez SLO"]
[Date "2022.04.02"]
[Round "7.124"]
[White "Herega, Nejc"]
[Black "Fruebing, Stefan"]
[Result "1/2-1/2"]
[BlackTitle "IM"]
[WhiteElo "2185"]
[BlackElo "2374"]
[WhiteFideId "14634058"]
[BlackFideId "4682165"]
[EventDate "2022.03.27"]

1. d4 d5 2. c4 c6 3. Nf3 Nf6 4. e3 Bg4 5. Qb3 Qb6 6. Nc3 e6 7. Nh4 Bh5 8. h3 Be7
9. g4 Bg6 10. Nxg6 hxg6 11. Bg2 g5 12. e4 Nxe4 13. Nxe4 dxe4 14. Qxb6 axb6 15.
Bxe4 Nd7 16. Be3 O-O-O 17. O-O-O Rhf8 18. d5 Nc5 19. Bxc5 Bxc5 20. dxe6 fxe6 21.
f3 Be3+ 22. Kc2 Rxd1 23. Kxd1 Rd8+ 24. Ke2 Bf4 25. Bd3 Rh8 26. Be4 Rd8 27. Rd1
Rxd1 28. Kxd1 Kd7 1/2-1/2

[Event "22nd ch-EUR Indiv 2022"]
[Site "Terme Catez SLO"]
[Date "2022.04.02"]
[Round "7.125"]
[White "Richter, Nils"]
[Black "Wecker, Martin"]
[Result "1/2-1/2"]
[WhiteTitle "FM"]
[WhiteElo "2365"]
[BlackElo "2180"]
[WhiteFideId "12990809"]
[BlackFideId "12931462"]
[EventDate "2022.03.27"]

1. Nf3 d5 2. d4 Nf6 3. g3 c6 4. c4 Bg4 5. Ne5 Be6 6. cxd5 Nxd5 7. e4 Nb6 8. Bg2
N8d7 9. Nd3 f6 10. O-O Bf7 11. Nc3 e5 12. d5 c5 13. f4 c4 14. fxe5 fxe5 15. Qf3
Bg6 16. Nf2 Bc5 17. Be3 Qe7 18. Nb5 Nf6 19. Rad1 O-O 20. d6 Qd7 21. Bxc5 Qxb5
22. Qa3 Nbd7 23. Be3 Qc6 24. Rfe1 a5 25. Bg5 b5 26. Qe3 Rad8 27. Qa7 Ra8 28. Qe3
Rad8 29. Qa7 Ra8 30. Qe3 1/2-1/2

[Event "22nd ch-EUR Indiv 2022"]
[Site "Terme Catez SLO"]
[Date "2022.04.02"]
[Round "7.126"]
[White "Dordzhieva, Dinara"]
[Black "Giacomini, Hector"]
[Result "1-0"]
[WhiteTitle "WGM"]
[WhiteElo "2325"]
[BlackElo "2129"]
[WhiteFideId "24157570"]
[BlackFideId "605352"]
[EventDate "2022.03.27"]

1. c4 e6 2. g3 d5 3. Bg2 Nf6 4. Nf3 dxc4 5. Qa4+ Bd7 6. Qxc4 c5 7. Ne5 Qc8 8. d3
Nc6 9. Nxd7 Qxd7 10. O-O Rc8 11. Qa4 b6 12. Nc3 Be7 13. Bd2 O-O 14. Rfc1 Rfd8
15. Be1 Nd4 16. Qd1 h5 17. Bd2 g6 18. Bg5 Nd5 19. Bxe7 Qxe7 20. h4 Nf6 21. b3
Nf5 22. Qd2 Rd4 23. Nb5 Rdd8 24. Qg5 Kg7 25. Kf1 Qd7 26. Nc3 Qd4 27. Nb5 Qd7 28.
Na3 Qd4 29. Qd2 Ng4 30. Qc3 Kf8 31. Qxd4 Nxd4 32. Nc4 Ke7 33. Rab1 Nf6 34. Rb2
Nd5 35. Nd2 Kd7 36. a3 Nc6 37. Ne4 Rc7 38. Ke1 Rdc8 39. e3 Ke7 40. Ke2 Kd7 41.
Rbc2 Na5 42. Nd2 Nc6 43. Rb2 Ke7 44. Ne4 Kd7 45. f3 Ke7 46. Nf2 Kd7 47. Bh3 Ke7
48. f4 Nf6 49. Bg2 Nd5 50. Bf3 Nf6 51. Rbc2 Kd7 52. Nh3 Nd5 53. Ng5 Ke7 54. Bg2
Ke8 55. Nf3 Kd7 56. Kf2 Ke8 57. Bh3 Kd7 58. g4 hxg4 59. Bxg4 Ke7 60. Rh1 Rh8 61.
Ng5 Kf6 62. Bf3 a5 63. Ne4+ Ke7 64. Nd2 Rb8 65. h5 gxh5 66. Rxh5 Nf6 67. Rh1 Nd5
68. Nc4 Kd7 69. Rh7 Ke7 70. Rc1 Nf6 71. Rh4 b5 72. Nd2 Nd8 73. Rc2 Rbc8 74. Rh1
Kd7 75. Rhc1 Nd5 76. Rh1 Nf6 77. a4 Rb8 78. Ra1 b4 79. Nc4 Ra7 80. Ne5+ Kd6 81.
Rac1 Rc7 82. Nc4+ Ke7 83. Nxa5 Rbc8 84. Nc4 Rb8 85. Ne5 Rbc8 86. d4 Kd6 87. Rxc5
Rxc5 88. Rxc5 Rxc5 89. dxc5+ Kxc5 90. Nd3+ 1-0

[Event "22nd ch-EUR Indiv 2022"]
[Site "Terme Catez SLO"]
[Date "2022.04.02"]
[Round "7.127"]
[White "Hulka, Valentyn"]
[Black "Karsay, Pascal"]
[Result "0-1"]
[BlackTitle "FM"]
[WhiteElo "2105"]
[BlackElo "2310"]
[WhiteFideId "34107061"]
[BlackFideId "12953474"]
[EventDate "2022.03.27"]

1. e4 c5 2. Be2 Nc6 3. f4 g6 4. Nf3 d5 5. d3 Bg4 6. c3 e6 7. Be3 h5 8. Nbd2 Nf6
9. Qa4 Qd7 10. h3 Bxf3 11. Nxf3 Be7 12. e5 Nxe5 13. Qb3 Nxf3+ 14. Bxf3 h4 15.
O-O-O b5 16. c4 Rb8 17. Kb1 O-O 18. Qc2 Rb6 19. Bf2 bxc4 20. dxc4 Rfb8 21. Bxh4
Rxb2+ 22. Qxb2 Rxb2+ 23. Kxb2 Qa4 24. cxd5 Qxf4 25. Be1 Nxd5 26. Bxd5 Bf6+ 27.
Kc2 exd5 28. Bd2 Qa4+ 29. Kb1 c4 30. Bc1 Qb4+ 31. Kc2 Qc3+ 0-1

[Event "22nd ch-EUR Indiv 2022"]
[Site "Terme Catez SLO"]
[Date "2022.04.02"]
[Round "7.128"]
[White "Taichman, Ori"]
[Black "Vaupot, Luka"]
[Result "1-0"]
[WhiteTitle "FM"]
[WhiteElo "2297"]
[BlackElo "2083"]
[WhiteFideId "2804069"]
[BlackFideId "14627671"]
[EventDate "2022.03.27"]

1. e4 e6 2. d4 d5 3. Nc3 Nf6 4. Bg5 dxe4 5. Nxe4 Nbd7 6. Qd3 h6 7. Bh4 Be7 8.
Nxf6+ Nxf6 9. O-O-O O-O 10. Nf3 c5 11. Rg1 Qa5 12. Kb1 cxd4 13. g4 e5 14. g5 e4
15. Qxd4 Rd8 16. gxf6 Rxd4 17. Nxd4 Qh5 18. Nf3 Qxf3 19. Be2 Qf4 20. fxe7 Bd7
21. Rxd7 Qxh4 22. Rg4 Qf6 23. Rxe4 Re8 24. a4 g6 25. Bb5 a6 26. Rd8 Qxe7 27.
Rxe8+ 1-0

[Event "22nd ch-EUR Indiv 2022"]
[Site "Terme Catez SLO"]
[Date "2022.04.02"]
[Round "7.129"]
[White "Murko, David"]
[Black "Gregoric, Andraz"]
[Result "1/2-1/2"]
[WhiteElo "2273"]
[BlackElo "2091"]
[WhiteFideId "14613891"]
[BlackFideId "14629461"]
[EventDate "2022.03.27"]

1. e4 e5 2. Nf3 Nc6 3. Bb5 a6 4. Ba4 d6 5. O-O Bd7 6. c3 Nge7 7. h3 Ng6 8. d4
Be7 9. Be3 h6 10. Nbd2 Bg5 11. Kh2 Qf6 12. d5 Nb8 13. c4 b5 14. Qb3 bxa4 15. Qb7
O-O 16. Qxa8 Nf4 17. Qa7 Qg6 18. Bxf4 Bxf4+ 19. g3 Qh5 20. Rh1 Bxd2 21. Nxd2
Qxh3+ 22. Kg1 Qg4 23. Rh4 Qe2 24. Qe3 Qxe3 25. fxe3 a5 26. c5 Bb5 27. Rc1 Na6
28. cxd6 cxd6 29. b3 axb3 30. axb3 a4 31. bxa4 Bxa4 32. Rh1 Nc5 33. Kg2 Bb5 34.
g4 Bd3 35. Rc3 Ra8 36. Rh2 Ra2 37. Kh3 Ra4 38. Rh1 Nxe4 39. Nxe4 Bxe4 40. Rd1
Ra5 41. Rc6 Bxd5 42. Rxd6 Be6 43. Kg3 Ra4 44. Rxe6 fxe6 45. Rd7 Kf8 46. Rb7 Ra8
47. Kf3 Re8 48. Ke4 Re7 49. Rb1 Kf7 50. Kxe5 Ra7 51. Kf4 Ra4+ 52. Kg3 Kf6 53.
Rb5 Re4 54. Kf3 Re5 55. Rb7 Ra5 56. Kf4 g6 57. Rb4 h5 58. gxh5 Rxh5 59. Rb8 Rh4+
60. Kg3 Rh7 61. Rb5 Rd7 62. Kf4 Rd5 63. Rb8 Rf5+ 64. Ke4 Kf7 65. Rb7+ Kf6 66.
Rb8 g5 67. Rf8+ Kg6 68. Re8 Kf7 69. Rh8 Kg7 70. Re8 Rf6 71. Ra8 Rg6 72. Kf3 g4+
73. Kg3 Kf6 74. Rf8+ Ke5 75. Rf4 Rg7 76. Rxg4 Rxg4+ 77. Kxg4 Ke4 78. Kg5 e5 79.
Kf6 Kxe3 80. Kxe5 1/2-1/2

[Event "22nd ch-EUR Indiv 2022"]
[Site "Terme Catez SLO"]
[Date "2022.04.02"]
[Round "7.130"]
[White "Ruzic, Pia Marie"]
[Black "Kanov, Nikola"]
[Result "0-1"]
[BlackTitle "CM"]
[WhiteElo "2072"]
[BlackElo "2265"]
[WhiteFideId "14620057"]
[BlackFideId "2928531"]
[EventDate "2022.03.27"]

1. c4 c5 2. Nc3 g6 3. Nf3 Bg7 4. e3 Nf6 5. d4 O-O 6. d5 d6 7. Be2 e6 8. e4 exd5
9. exd5 Re8 10. h3 Bf5 11. O-O Ne4 12. Nxe4 Bxe4 13. Ne1 Qh4 14. Bd3 Nd7 15. Be3
Bxd3 16. Qxd3 Ne5 17. Qb3 Qxc4 18. Qxb7 Reb8 19. Qc7 Qxd5 20. Nc2 Rc8 21. Qe7
Qe4 0-1

[Event "22nd ch-EUR Indiv 2022"]
[Site "Terme Catez SLO"]
[Date "2022.04.02"]
[Round "7.131"]
[White "Bashylina, Luisa"]
[Black "Blagojevic, Tijana"]
[Result "0-1"]
[WhiteTitle "WFM"]
[BlackTitle "WIM"]
[WhiteElo "2043"]
[BlackElo "2260"]
[WhiteFideId "12983292"]
[BlackFideId "16500270"]
[EventDate "2022.03.27"]

1. d4 d5 2. c4 c6 3. Nf3 Nf6 4. Nc3 e6 5. g3 dxc4 6. Bg2 b5 7. Ne5 Nd5 8. e4
Nxc3 9. bxc3 Bb7 10. Qh5 Qe7 11. Bg5 Qc7 12. Bd8 Kxd8 13. Nxf7+ Kc8 14. Nxh8 g6
15. Qe5 Qe7 16. Bh3 Kd7 17. Rd1 Bg7 18. Bxe6+ Ke8 19. Bf7+ Kf8 20. Nxg6+ hxg6
21. Qxe7+ Kxe7 22. Bxg6 c5 23. Ke2 Nc6 24. d5 Ne5 25. d6+ Kf8 26. Bf5 Nd3 27. f4
Rd8 28. d7 Bc6 29. Kf3 Bxc3 30. h4 Ke7 31. h5 b4 32. h6 a5 33. h7 Bg7 34. Rh5 a4
35. h8=Q Bxh8 36. Rh7+ Kd6 37. Rdh1 Bd4 38. R1h6+ Kc7 39. Re7 b3 40. Re8 Bxd7
41. Bxd7 Rxe8 0-1

[Event "22nd ch-EUR Indiv 2022"]
[Site "Terme Catez SLO"]
[Date "2022.04.02"]
[Round "7.132"]
[White "Milikow, Elie"]
[Black "Zlatkov, Anton"]
[Result "1-0"]
[WhiteTitle "CM"]
[WhiteElo "2256"]
[BlackElo "2081"]
[WhiteFideId "371281868"]
[BlackFideId "15005402"]
[EventDate "2022.03.27"]

1. e4 c5 2. Nf3 d6 3. d4 cxd4 4. Nxd4 Nf6 5. Nc3 Nc6 6. f3 e5 7. Nb3 Be6 8. Nd5
Bxd5 9. exd5 Nb8 10. Be3 g6 11. Qd2 Bg7 12. Be2 O-O 13. O-O Nbd7 14. Na5 Qc7 15.
c4 Nh5 16. Rfc1 f5 17. c5 f4 18. cxd6 Qd8 19. Bf2 e4 20. fxe4 f3 21. Bxf3 Rxf3
22. gxf3 Ne5 23. Rc3 Qf6 24. f4 Nxf4 25. Bg3 Bh6 26. Kh1 Rf8 27. Nxb7 g5 28. d7
Nxd7 29. Rc6 Qg7 30. Bxf4 Rxf4 31. Nd6 Qe5 32. Re1 g4 33. Qg2 Nf6 34. Nf5 Rxf5
35. Re6 Nxe4 36. Rxe5 1-0

[Event "22nd ch-EUR Indiv 2022"]
[Site "Terme Catez SLO"]
[Date "2022.04.02"]
[Round "7.133"]
[White "Babrauskas, Darius"]
[Black "Gajcin, Marina"]
[Result "0-1"]
[BlackTitle "WIM"]
[WhiteElo "2003"]
[BlackElo "2254"]
[WhiteFideId "12805602"]
[BlackFideId "949086"]
[EventDate "2022.03.27"]

1. e4 c5 2. Nf3 Nc6 3. Bb5 Nf6 4. e5 Nd5 5. O-O Nc7 6. Bxc6 dxc6 7. h3 g6 8. Nc3
Bg7 9. Re1 O-O 10. d3 Ne6 11. a3 a5 12. Ne4 b6 13. Neg5 h6 14. Nxe6 Bxe6 15. Be3
Bd5 16. Rb1 a4 17. Nh2 Qc7 18. f4 Kh7 19. Qe2 f6 20. c4 Bg8 21. Bd2 fxe5 22.
fxe5 Be6 23. Nf3 Qd7 24. Bc3 Rf4 25. Rf1 b5 26. Nd2 Rxf1+ 27. Rxf1 b4 28. axb4
cxb4 29. Bxb4 Qd4+ 30. Kh1 Qxb2 31. Bxe7 a3 32. Qd1 a2 33. Nb3 Bxe5 34. d4 Qxb3
35. Qxb3 a1=Q 36. Rb1 Qxd4 37. Bc5 Qd7 38. Qe3 Ra1 39. Rxa1 Bxa1 40. Bf8 Bg7 41.
Bxg7 Kxg7 42. Qe5+ Kh7 43. c5 Bxh3 44. gxh3 Qxh3+ 45. Kg1 Qg4+ 0-1

[Event "22nd ch-EUR Indiv 2022"]
[Site "Terme Catez SLO"]
[Date "2022.04.02"]
[Round "7.134"]
[White "Vagman, Roy"]
[Black "Dubnevych, Maksym"]
[Result "1/2-1/2"]
[WhiteTitle "CM"]
[WhiteElo "2247"]
[BlackElo "2065"]
[WhiteFideId "2828995"]
[BlackFideId "14184001"]
[EventDate "2022.03.27"]

1. e4 c5 2. Nf3 Nc6 3. Bb5 g6 4. O-O Bg7 5. c3 Nf6 6. Re1 O-O 7. d4 d5 8. e5 Ne4
9. Bxc6 bxc6 10. Be3 cxd4 11. cxd4 Rb8 12. Qc1 f6 13. Nc3 Bf5 14. exf6 exf6 15.
Bf4 Rc8 16. Na4 g5 17. Be3 Qe8 18. Nd2 Nxd2 19. Bxd2 Qf7 20. Bb4 Rfe8 21. Qc3 h5
22. Rxe8+ Rxe8 23. Qxc6 Rc8 24. Qb5 Bd7 25. Qb7 Rc2 26. Nc5 Bf5 27. Qxf7+ Kxf7
28. Bc3 Bf8 29. Re1 a5 30. h3 Bd6 31. a3 g4 32. hxg4 hxg4 33. g3 Bxc5 34. dxc5
a4 35. c6 d4 36. Bxd4 Rxc6 37. Bc3 Rd6 38. Kf1 Bd3+ 39. Kg2 Bb5 40. f4 Bc6+ 41.
Kf2 f5 42. Re5 Be4 43. Ra5 Rd3 44. Be1 Rd4 45. Ke3 Rd3+ 46. Ke2 Rd4 47. Bd2 Ke6
48. Re5+ Kd7 49. Rc5 Bf3+ 50. Ke3 Re4+ 51. Kd3 Be2+ 52. Kc2 Rc4+ 53. Rxc4 Bxc4
54. Kc3 Bb3 55. Kd4 Kc6 56. Bc3 Kb5 57. Bb4 Bc2 58. Bf8 Bb3 59. Be7 Bc2 1/2-1/2

[Event "22nd ch-EUR Indiv 2022"]
[Site "Terme Catez SLO"]
[Date "2022.04.02"]
[Round "7.135"]
[White "Arsenie, Cristian Marc"]
[Black "Rakhmangulova, Anastasiya"]
[Result "0-1"]
[BlackTitle "WIM"]
[WhiteElo "1952"]
[BlackElo "2229"]
[WhiteFideId "1345923"]
[BlackFideId "14117479"]
[EventDate "2022.03.27"]

1. e4 c5 2. Nc3 a6 3. g3 b5 4. Bg2 Bb7 5. Nge2 e6 6. d4 cxd4 7. Nxd4 Qc7 8. O-O
Nf6 9. Re1 d6 10. a4 bxa4 11. Nd5 Nxd5 12. exd5 e5 13. f4 Nd7 14. fxe5 dxe5 15.
Nf5 Bc5+ 16. Be3 O-O 17. d6 Bxe3+ 18. Nxe3 Qb6 19. Bxb7 Qxb7 20. Qg4 Nf6 21. Qg5
Ne4 22. Qxe5 Nd2 23. Qe7 Qxb2 24. Kg2 a3 25. Qg5 f5 26. Qe7 Rfe8 27. Qc7 Qd4 28.
Qc6 Rec8 29. Qd5+ Qxd5+ 30. Nxd5 Rxc2 31. d7 Ne4+ 32. Kg1 Rd8 33. Nb6 Rb2 34.
Nc4 Rxd7 35. Rxa3 Rb4 36. Ne3 f4 37. gxf4 Rd6 38. Nf5 Rg6+ 39. Kf1 Re6 40. Kg1
Rf6 41. Ne7+ Kf7 42. Nd5 Rg6+ 43. Kf1 Rd4 44. f5 Rh6 45. Nc7 Rxh2 46. Rae3 Rh1+
47. Kg2 Rxe1 48. Rxe1 Ra4 49. Nd5 Nf6 50. Nc7 Ra5 51. Rf1 Ra2+ 52. Kg3 a5 53.
Ne6 Ne4+ 54. Kg4 Rf2 55. Ng5+ Kg8 56. Rg1 Nf6+ 57. Kh4 Rf4+ 58. Kh3 Rxf5 59. Kh4
h6 60. Ne6 Rh5+ 61. Kg3 Re5 0-1

[Event "22nd ch-EUR Indiv 2022"]
[Site "Terme Catez SLO"]
[Date "2022.04.02"]
[Round "7.136"]
[White "Saraci, Korab"]
[Black "Kotsinis, Alexandros"]
[Result "0-1"]
[WhiteElo "2229"]
[BlackElo "2055"]
[WhiteFideId "4701968"]
[BlackFideId "25870750"]
[EventDate "2022.03.27"]

1. d4 d5 2. c4 e6 3. g3 Nf6 4. Bg2 h6 5. Nf3 Bd6 6. O-O O-O 7. Nc3 Nc6 8. cxd5
exd5 9. Nb5 Re8 10. Nxd6 cxd6 11. Qd3 a5 12. Bd2 b6 13. Rfc1 Ba6 14. Qa3 Qd7 15.
e3 Rec8 16. Be1 Bc4 17. Nd2 b5 18. Nxc4 dxc4 19. b3 d5 20. bxc4 dxc4 21. Qb2
Rab8 22. Qe2 Qe7 23. Bxc6 Rxc6 24. Bxa5 Ra8 25. Qe1 Ne4 26. Bb4 Qd7 27. f3 Ng5
28. Qe2 Re8 29. Bc5 f5 30. a4 Rce6 31. Rc3 b4 32. Bxb4 Qxd4 33. Raa3 f4 34. Rxc4
Nxf3+ 35. Kg2 Nh4+ 36. Kh3 Qd7 37. Rd4 Qxd4 38. exd4 Rxe2 39. Kxh4 R8e3 40. Rxe3
fxe3 41. Kg4 Rb2 42. Ba5 Rf2 43. d5 Rf6 44. Bc3 e2 45. a5 Rf1 0-1